Subte de Buenos Aires - Estaciones de la Línea D - Estadísticas

Estadísticas generales
  • Esta prueba ha sido intentada 88 veces
  • La puntuación promedio es 14 de 16
Estadísticas de respuestas
Hint Respuesta % Correcto
11. Palermo
97%
2. 9 de Julio
96%
16. Congreso de Tucumán
95%
10. Plaza Italia
95%
1. Catedral
93%
5. Facultad de Medicina
92%
6. Pueyrredón
92%
8. Bulnes
91%
13. Olleros
91%
7. Agüero
89%
15. Juramento
88%
3. Tribunales - Teatro Colón
88%
4. Callao
87%
12. Ministro Carranza
85%
9. Scalabrini Ortiz
84%
14. José Hernández
83%
No se encontraron pruebas coincidentes
Distribución de puntuación
Porcentaje de gente con cada puntuación
Porcentaje por número respondido
Historial de tus puntuaciones
No has intentado esta prueba.